| 000 | 01170cam a2200373 i 4500 | ||
|---|---|---|---|
| 001 | vtls000021919 | ||
| 003 | PNM | ||
| 005 | 20210524000454.0 | ||
| 008 | 831214t19801980my e a000 0 may | ||
| 020 | _qpaperback | ||
| 039 | 9 |
_a202008111608 _bazeantie _c202007280942 _dfaezah _c201508171459 _dmaulidiah _c201504011208 _diliza |
|
| 040 |
_aBNM _beng _cBNM _dPNM _dPPAK _erda |
||
| 049 | 0 | 0 | _abgkmalpma |
| 082 | 0 | 4 |
_a808.31 _223 |
| 090 | 0 | 0 |
_a808.31 _bABD _dKAO |
| 100 | 0 |
_aAbdullah Hussain, _cDato', _d1920- _eauthor. |
|
| 245 | 1 | 0 |
_aPENULISAN CERPEN: _bKAEDAH DAN PENGALAMAN / _cABDULLAH HUSSAIN |
| 264 | 1 |
_aKuala Lumpur : _bDewan Bahasa dan Pustaka, _c1980 |
|
| 264 | 4 | _c©1980 | |
| 300 |
_a64 pages ; _c22 cm |
||
| 336 |
_atext _2rdacontent |
||
| 337 |
_aunmediated _2rdamedia |
||
| 338 |
_avolume _2rdacarrier |
||
| 650 | 1 | 0 |
_aFiction _xAuthorship |
| 650 | 2 | 0 | _aShort story |
| 942 |
_2ddc _cB |
||
| 949 |
_aMS 0768 ABD MKP _e2544123 |
||
| 949 |
_aTS 0007 ABD MKP _e2543320 |
||
| 949 |
_61000006355 _s6700:20070731 |
||
| 949 |
_61000006356 _s6700:20070731 |
||
| 949 |
_61000006358 _s6700:20070731 |
||
| 949 | _61000006357 | ||
| 949 |
_62000115569 _a808.31 ABD M |
||
| 999 |
_c184033 _d184033 |
||